[Event "Bhubaneswar SOA op 1st"]
[Site "Bhubaneswar"]
[Date "2024.02.04"]
[Round "10"]
[White "Roneet, Das"]
[Black "Fedorov, Alexei"]
[Result "0-1"]
[WhiteElo "2018"]
[BlackElo "2457"]
[PlyCount "66"]
[EventDate "2024.01.28"]
[EventType "swiss"]
[EventRounds "10"]
[EventCountry "IND"]
[SourceTitle "CB06_2024"]
[SourceDate "2024.02.07"]
[SourceVersion "1"]
[SourceVersionDate "2024.02.07"]
[SourceQuality "1"]

1. d4 Nf6 2. Bf4 g6 3. Nc3 d5 4. e3 Bg7 5. h4 c6 6. Be2 h5 7. f3 b5 8. Nh3 Bxh3 9. Rxh3 Nbd7 10. Qd2 0-0 11. 0-0-0 b4 12. Nb1 Qb6 13. Qd3 a5 14. e4 dxe4 15. fxe4 c5 16. d5 Ng4 17. Rf1 c4 18. Qxc4 Rfc8 19. Qb5 Qd4 20. c3 Nde5 21. Bxg4 hxg4 22. Re3 bxc3 23. bxc3 Qa7 24. Nd2 Rab8 25. Qe2 Qd4 26. Nb1 Rb7 27. Nd2 Qa7 28. Nb1 Qd4 29. Rd1 Qc5 30. Qf2 Rcb8 31. Qc2 Nc4 32. Re2 Rxb1+ 33. Qxb1 Qa3+ 0-1

[Event "Bhubaneswar SOA op 1st"]
[Site "Bhubaneswar"]
[Date "2024.01.30"]
[Round "3"]
[White "Fedorov, Alexei"]
[Black "Mahindrakar, Indrajeet"]
[Result "1/2-1/2"]
[WhiteElo "2457"]
[BlackElo "2039"]
[PlyCount "134"]
[EventDate "2024.01.28"]
[EventType "swiss"]
[EventRounds "10"]
[EventCountry "IND"]
[SourceTitle "CB06_2024"]
[SourceDate "2024.02.07"]
[SourceVersion "1"]
[SourceVersionDate "2024.02.07"]
[SourceQuality "1"]

1. e4 c5 2. Nf3 e6 3. d4 cxd4 4. Nxd4 a6 5. c4 Nf6 6. Nc3 Qc7 7. a3 d6 8. Be2 g6 9. 0-0 Bg7 10. Be3 0-0 11. Qd2 Nc6 12. Nxc6 bxc6 13. Rfd1 Ne8 14. b4 Bb7 15. Rac1 Rd8 16. Na4 Qe7 17. Nc5 Bc8 18. Nb3 Bb7 19. Nc5 Bc8 20. Nb3 Qb7 21. Na5 Qc7 22. b5 c5 23. Rb1 Bd7 24. Rbc1 Bc8 25. Rb1 Bd7 26. bxa6 Qa7 27. Nb7 Rc8 28. Nxd6 Nxd6 29. Qxd6 Ba4 30. Rd2 Rc6 31. Rb7 Qxa6 32. Qe7 Rcc8 33. Ra7 Qc6 34. Rd6 Qxe4 35. Rxa4 Bd4 36. Raa6 Rb8 37. Rab6 Bxe3 38. Rxb8 Rxb8 39. Rd8+ Rxd8 40. Qxd8+ Kg7 41. fxe3 Qxe3+ 42. Kf1 Qxa3 43. g3 Qa1+ 44. Kg2 Qe5 45. Qd3 h6 46. Kf2 Kf8 47. Qe3 Qf6+ 48. Kg2 Qg5 49. Qxg5 hxg5 50. g4 Ke7 51. Bd1 f5 52. Ba4 e5 53. Kf2 Ke6 54. Be8 Kf6 55. Kg2 Ke7 56. Kf2 Kf6 57. Kg2 Ke7 58. Kf2 Kf6 59. h3 Kg7 60. Kg2 Kf6 61. Kf2 Kg7 62. Ke3 Kf6 63. Bd7 e4 64. Be8 Kg7 65. Kf2 Kf6 66. Kg2 Kg7 67. Kf2 Kf6 1/2-1/2

[Event "Bangalore op 1st"]
[Site "Bangalore"]
[Date "2024.01.23"]
[Round "7"]
[White "Fedorov, Alexei"]
[Black "Neelotpal, Das"]
[Result "0-1"]
[WhiteElo "2457"]
[BlackElo "2329"]
[PlyCount "104"]
[EventDate "2024.01.18"]
[EventType "swiss"]
[EventRounds "10"]
[EventCountry "IND"]
[SourceTitle "CB05_2024"]
[SourceDate "2024.01.31"]
[SourceVersion "1"]
[SourceVersionDate "2024.01.31"]
[SourceQuality "1"]

1. e4 e5 2. Nf3 Nc6 3. Bc4 Bc5 4. c3 Nf6 5. d3 0-0 6. Bg5 d6 7. 0-0 h6 8. Bh4 a5 9. Nbd2 g5 10. Bg3 Bg4 11. h3 Bh5 12. a3 Kh8 13. b4 Ba7 14. Qb3 Bg6 15. Kh1 Nh5 16. Bd5 Qc8 17. Bh2 a4 18. Qd1 Ne7 19. Ba2 Ng7 20. d4 f6 21. Re1 b5 22. Rc1 Qb7 23. Qe2 Rad8 24. c4 c6 25. c5 dxc5 26. bxc5 exd4 27. Bd6 d3 28. Qf1 Bb8 29. e5 fxe5 30. Bxb8 Qxb8 31. Nxe5 Ngf5 32. Nef3 Qc7 33. Rcd1 Nd5 34. Bxd5 Rxd5 35. Ne4 Rfd8 36. Rd2 Qf4 37. Kg1 Nh4 38. Nxh4 Bxe4 39. Rxe4 Qxe4 40. Nf3 Qe7 41. Qa1+ Qg7 42. Qc1 Kg8 43. Nh2 Qe7 44. Ng4 h5 45. Ne3 Rxc5 46. Qd1 Qf7 47. g4 hxg4 48. hxg4 Qg6 49. Nf5 Rxf5 50. gxf5 Qxf5 51. Qh5 Kg7 52. Qh2 Qf4 0-1

[Event "Bangalore op 1st"]
[Site "Bangalore"]
[Date "2024.01.21"]
[Round "6"]
[White "Audi, Ameya"]
[Black "Fedorov, Alexei"]
[Result "1/2-1/2"]
[WhiteElo "2385"]
[BlackElo "2457"]
[PlyCount "171"]
[EventDate "2024.01.18"]
[EventType "swiss"]
[EventRounds "10"]
[EventCountry "IND"]
[SourceTitle "CB05_2024"]
[SourceDate "2024.01.31"]
[SourceVersion "1"]
[SourceVersionDate "2024.01.31"]
[SourceQuality "1"]

1. e4 c5 2. Nf3 Nc6 3. Bb5 e6 4. 0-0 Nge7 5. Re1 a6 6. Bf1 b6 7. c3 d5 8. d3 dxe4 9. dxe4 Qxd1 10. Rxd1 Ng6 11. Nbd2 Bb7 12. Nc4 b5 13. Nd6+ Bxd6 14. Rxd6 Ke7 15. Rd1 Nce5 16. Nxe5 Nxe5 17. Be3 Rhc8 18. f3 c4 19. Bb6 a5 20. Rd2 Nd7 21. Be3 a4 22. Rad1 Rc7 23. a3 f6 24. h4 h5 25. Kf2 Ne5 26. g3 Rac8 27. Bf4 Bc6 28. Ke3 Rd7 29. Bxe5 fxe5 30. Rxd7+ Bxd7 31. f4 Rc5 32. Be2 g6 33. fxe5 Rxe5 34. Kf4 Rc5 35. e5 Rc8 36. Rf1 Bc6 37. Ke3 Be8 38. Bf3 Bc6 39. Bxc6 Rxc6 40. Rf6 Rc5 41. Kf4 Rd5 42. Rxg6 Rd2 43. Rh6 Rxb2 44. Rxh5 Rb3 45. Rh7+ Kf8 46. h5 Rxc3 47. h6 Rxa3 48. Rc7 Kg8 49. g4 Rh3 50. Kg5 a3 51. Kg6 Kf8 52. h7 b4 53. g5 Ke8 54. Kf6 a2 55. Kxe6 Kd8 56. Ra7 Rxh7 57. Rxa2 b3 58. Ra8+ Kc7 59. Ra7+ Kc6 60. Rxh7 b2 61. Rh1 c3 62. Rb1 c2 63. Rxb2 c1Q 64. Rg2 Qc4+ 65. Ke7 Qe4 66. Rg1 Qxe5+ 67. Kf7 Qd5+ 68. Kg6 Qe6+ 69. Kg7 Qe3 70. Rg4 Kd6 71. g6 Ke7 72. Ra4 Qc3+ 73. Kh7 Qh3+ 74. Kg7 Qd3 75. Ra7+ Ke6 76. Rf7 Qd4+ 77. Kg8 Qd8+ 78. Rf8 Qd5 79. g7 Ke7+ 80. Kh7 Qh5+ 81. Kg8 Qg6 82. Kh8 Qh6+ 83. Kg8 Qh5 84. Rf1 Qd5+ 85. Kh8 Qh5+ 86. Kg8 1/2-1/2

[Event "Indore op 2nd"]
[Site "Indore"]
[Date "2024.01.10"]
[Round "3"]
[White "Nguyen, Duc Hoa"]
[Black "Fedorov, Alexei"]
[Result "0-1"]
[WhiteElo "2322"]
[BlackElo "2457"]
[PlyCount "98"]
[EventDate "2024.01.09"]
[EventType "swiss"]
[EventRounds "10"]
[EventCountry "IND"]
[SourceTitle "CB03_2024"]
[SourceDate "2024.01.17"]
[SourceVersion "1"]
[SourceVersionDate "2024.01.17"]
[SourceQuality "1"]

1. d4 Nf6 2. c4 g6 3. Nc3 Bg7 4. g3 0-0 5. Bg2 d6 6. Nf3 c5 7. d5 e6 8. 0-0 exd5 9. cxd5 a6 10. a4 Nbd7 11. Bf4 Qc7 12. h3 Re8 13. Rc1 Qb8 14. Qd3 Nh5 15. Bd2 Ne5 16. Nxe5 Bxe5 17. f4 Bd4+ 18. Kh2 f5 19. Bf3 Ng7 20. e3 Bf6 21. g4 b5 22. g5 c4 23. Qc2 Bd8 24. Rfe1 Bd7 25. Ne2 Bb6 26. Qc3 Qa7 27. Ng3 b4 28. Qxb4 Bxe3 29. Bxe3 Rxe3 30. Bg2 Rae8 31. Rxe3 Qxe3 32. Rxc4 Qf2 33. Qxd6 Re1 34. Qc5 Qxb2 35. Qa7 Be8 36. a5 Rd1 37. Qb6 Qxb6 38. axb6 Rb1 39. Rc6 a5 40. Ne2 a4 41. Nc3 a3 42. Rf6 Rb2 43. d6 Nh5 44. Re6 Kf8 45. d7 Bxd7 46. Rd6 Ke7 47. Rd3 Nxf4 48. Re3+ Kd8 49. Kg3 Nxg2 0-1

[Event "Chennai op 14th"]
[Site "Chennai"]
[Date "2024.01.07"]
[Round "10"]
[White "Fedorov, Alexei"]
[Black "Srihari, LR."]
[Result "1/2-1/2"]
[WhiteElo "2454"]
[BlackElo "2467"]
[PlyCount "62"]
[EventDate "2023.12.31"]
[EventType "swiss"]
[EventRounds "10"]
[EventCountry "IND"]
[SourceTitle "CB02_2024"]
[SourceDate "2024.01.10"]
[SourceVersion "1"]
[SourceVersionDate "2024.01.10"]
[SourceQuality "1"]

1. e4 c6 2. d4 d5 3. e5 c5 4. dxc5 e6 5. a3 Bxc5 6. Nf3 Nd7 7. b4 Be7 8. Nbd2 a5 9. Rb1 axb4 10. axb4 f6 11. Bb5 fxe5 12. Nxe5 Ngf6 13. 0-0 0-0 14. Bb2 Ra2 15. Nxd7 Bxd7 16. Bd3 Ra4 17. b5 Rb4 18. Qe2 Ng4 19. c4 Nxf2 20. Rxf2 Bc5 21. Nf3 dxc4 22. Bc2 Qb6 23. Bc3 Rxb1+ 24. Bxb1 Bxf2+ 25. Qxf2 Qxf2+ 26. Kxf2 Bxb5 27. Be4 Bc6 28. Bxc6 bxc6 29. Ke3 Rd8 30. Ne5 Rd1 31. Bd2 Rg1 1/2-1/2

[Event "Chennai op 14th"]
[Site "Chennai"]
[Date "2024.01.05"]
[Round "8"]
[White "Fedorov, Alexei"]
[Black "Abhishek, Kelkar"]
[Result "1/2-1/2"]
[WhiteElo "2454"]
[BlackElo "2204"]
[PlyCount "62"]
[EventDate "2023.12.31"]
[EventType "swiss"]
[EventRounds "10"]
[EventCountry "IND"]
[SourceTitle "CB02_2024"]
[SourceDate "2024.01.10"]
[SourceVersion "1"]
[SourceVersionDate "2024.01.10"]
[SourceQuality "1"]

1. e4 c5 2. Nc3 Nc6 3. Bb5 e6 4. Bxc6 bxc6 5. f4 c4 6. Nf3 d5 7. b3 Nf6 8. Bb2 Ba6 9. e5 Nd7 10. f5 Nc5 11. b4 Rb8 12. bxc5 Rxb2 13. fxe6 fxe6 14. 0-0 Bxc5+ 15. Kh1 Qe7 16. Na4 c3 17. d3 0-0 18. Nxb2 cxb2 19. Rb1 Ba3 20. Qd2 h6 21. Qc3 Bb5 22. h3 Rf4 23. Nh2 Rh4 24. Qd2 Rh5 25. Nf3 Rf5 26. c3 Qf8 27. Rf2 Rf4 28. d4 Qf5 29. Rxb2 Bxb2 30. Qxb2 Qe4 31. Qd2 Rf5 1/2-1/2

[Event "Chennai op 14th"]
[Site "Chennai"]
[Date "2024.01.04"]
[Round "7"]
[White "Nguyen, Duc Hoa"]
[Black "Fedorov, Alexei"]
[Result "1/2-1/2"]
[WhiteElo "2335"]
[BlackElo "2454"]
[PlyCount "71"]
[EventDate "2023.12.31"]
[EventType "swiss"]
[EventRounds "10"]
[EventCountry "IND"]
[SourceTitle "CB02_2024"]
[SourceDate "2024.01.10"]
[SourceVersion "1"]
[SourceVersionDate "2024.01.10"]
[SourceQuality "1"]

1. e4 c5 2. Nf3 e6 3. d4 cxd4 4. Nxd4 a6 5. Bd3 Bc5 6. Nb3 Be7 7. Qg4 g6 8. Nc3 d6 9. Qe2 Nc6 10. Be3 Nf6 11. 0-0-0 h5 12. Kb1 b5 13. f4 Qc7 14. Rhf1 b4 15. Na4 Rb8 16. h3 h4 17. Qf2 0-0 18. Qxh4 Nxe4 19. Qh6 Nf6 20. Nd4 Bd7 21. Nf3 Rfc8 22. Bxg6 Bf8 23. Qg5 fxg6 24. Qxf6 Bg7 25. Qh4 Na5 26. Nc5 b3 27. axb3 Nxb3 28. cxb3 Rxb3 29. Bd4 Rxb2+ 30. Bxb2 Qxc5 31. Nd4 Bxd4 32. Rxd4 Qf5+ 33. Ka2 Qa5+ 34. Kb1 Qf5+ 35. Ka2 Qa5+ 36. Kb1 1/2-1/2

[Event "Chennai op 14th"]
[Site "Chennai"]
[Date "2024.01.02"]
[Round "4"]
[White "Fedorov, Alexei"]
[Black "Murali Krishnan, BT."]
[Result "1-0"]
[WhiteElo "2454"]
[BlackElo "2181"]
[PlyCount "97"]
[EventDate "2023.12.31"]
[EventType "swiss"]
[EventRounds "10"]
[EventCountry "IND"]
[SourceTitle "CB02_2024"]
[SourceDate "2024.01.10"]
[SourceVersion "1"]
[SourceVersionDate "2024.01.10"]
[SourceQuality "1"]

1. e4 e6 2. d4 d5 3. Nc3 dxe4 4. Nxe4 Bd7 5. Nf3 Bc6 6. Bd3 Nd7 7. 0-0 Be7 8. c3 Ngf6 9. Nxf6+ Bxf6 10. Re1 0-0 11. Bf4 Re8 12. Ne5 Bxe5 13. Bxe5 Nxe5 14. Rxe5 Qf6 15. Qg4 Red8 16. Qg3 Rd6 17. Rae1 Rad8 18. h4 h6 19. f4 Bd7 20. Rf1 c6 21. Qe1 Rd5 22. Qe4 Kf8 23. Bc4 Rd6 24. Qh7 Qg6 25. Qxg6 fxg6 26. Rfe1 Kf7 27. a4 Rf8 28. Kf2 Ke7 29. Kf3 b6 30. b4 Kf6 31. g4 Rc8 32. R1e3 Rf8 33. Kg3 Rh8 34. Bb3 Ra8 35. b5 cxb5 36. axb5 a6 37. d5 Ke7 38. bxa6 Rxa6 39. f5 gxf5 40. gxf5 b5 41. fxe6 Be8 42. R5e4 Ra1 43. Rg4 g6 44. Rb4 Rb1 45. Kf4 Rf1+ 46. Ke5 Ra6 47. c4 Rf5+ 48. Kd4 Ra1 49. c5 1-0

[Event "Chennai op 14th"]
[Site "Chennai"]
[Date "2024.01.01"]
[Round "2"]
[White "Fedorov, Alexei"]
[Black "Mitul, KH."]
[Result "1-0"]
[WhiteElo "2454"]
[BlackElo "1679"]
[PlyCount "97"]
[EventDate "2023.12.31"]
[EventType "swiss"]
[EventRounds "10"]
[EventCountry "IND"]
[SourceTitle "CB02_2024"]
[SourceDate "2024.01.10"]
[SourceVersion "1"]
[SourceVersionDate "2024.01.10"]
[SourceQuality "1"]

1. e4 e5 2. Nf3 Nc6 3. Bc4 Bc5 4. d3 Nf6 5. Nbd2 d6 6. c3 0-0 7. h3 a6 8. a4 Ba7 9. 0-0 h6 10. Re1 Be6 11. Bxe6 fxe6 12. Nf1 Qe8 13. Be3 Bxe3 14. Rxe3 Rb8 15. b4 Ne7 16. Qb3 Ng6 17. g3 Kh8 18. N1h2 Qf7 19. Ra2 b6 20. b5 a5 21. Rc2 Nd7 22. d4 Rbc8 23. Rd2 exd4 24. cxd4 e5 25. d5 Nc5 26. Qd1 Qd7 27. Kg2 Rf7 28. h4 Rcf8 29. h5 Ne7 30. Nh4 Rf6 31. Ng4 R6f7 32. f3 Qd8 33. Re1 Kh7 34. Rf2 Nd7 35. Qc2 Kh8 36. Ng6+ Nxg6 37. hxg6 Re7 38. Qc1 Qe8 39. Nxh6 Qxg6 40. Rh1 Ree8 41. Rh4 Nf6 42. Nf5+ Kg8 43. Rc2 Rf7 44. Rxc7 Rxc7 45. Qxc7 Qg5 46. Nxd6 Rf8 47. Qe7 Nh7 48. Qe6+ Kh8 49. Nf7+ 1-0

[Event "Chennai op 14th"]
[Site "Chennai"]
[Date "2024.01.01"]
[Round "3"]
[White "Sharnarthi, Viresh"]
[Black "Fedorov, Alexei"]
[Result "0-1"]
[WhiteElo "1850"]
[BlackElo "2454"]
[PlyCount "118"]
[EventDate "2023.12.31"]
[EventType "swiss"]
[EventRounds "10"]
[EventCountry "IND"]
[SourceTitle "CB02_2024"]
[SourceDate "2024.01.10"]
[SourceVersion "1"]
[SourceVersionDate "2024.01.10"]
[SourceQuality "1"]

1. d4 Nf6 2. Nf3 g6 3. c4 Bg7 4. g3 c5 5. d5 b5 6. cxb5 a6 7. b6 0-0 8. Bg2 d6 9. 0-0 Nbd7 10. Nc3 Nxb6 11. a4 a5 12. e4 Ba6 13. Re1 Nfd7 14. Bf1 Nc4 15. Nd2 Nxd2 16. Bxd2 c4 17. Rb1 Qb6 18. Nb5 Bxb5 19. axb5 Qxb5 20. b3 Qc5 21. Bxc4 Bd4 22. Be3 Bxe3 23. Rxe3 Ne5 24. Bf1 Rfc8 25. Bh3 Rc7 26. Kg2 Rb8 27. Ra1 Rb4 28. Qe2 Qb6 29. Ra3 a4 30. Qd1 Rd4 31. Qe2 Rc1 32. f4 Rd3 33. fxe5 Qxe3 34. Qxe3 Rxe3 35. exd6 exd6 36. Rxa4 Rc2+ 37. Kf1 Rxb3 38. Ra1 Rxh2 39. Bg2 Rb2 40. e5 Rbxg2 41. Ra8+ Kg7 42. exd6 Ra2 43. Rxa2 Rxa2 44. d7 Ra8 45. d6 Rd8 46. g4 Rxd7 47. g5 Rxd6 48. Kg2 Rd5 49. Kf3 Rxg5 50. Kf4 Kf6 51. Ke4 h5 52. Kf4 h4 53. Ke4 h3 54. Kf4 h2 55. Ke4 h1Q+ 56. Ke3 Re5+ 57. Kf4 Qf1+ 58. Kg3 Rg5+ 59. Kh2 Qg2# 0-1

[Event "Tamil Nadu IM 10th"]
[Site "Chennai"]
[Date "2023.12.20"]
[Round "6"]
[White "Karthik, Rajaa"]
[Black "Fedorov, Alexei"]
[Result "0-1"]
[WhiteElo "2303"]
[BlackElo "2454"]
[PlyCount "106"]
[EventDate "2023.12.17"]
[EventType "tourn"]
[EventRounds "9"]
[EventCountry "IND"]
[EventCategory "1"]
[SourceTitle "CB52_2023"]
[SourceDate "2023.12.27"]
[SourceVersion "1"]
[SourceVersionDate "2023.12.27"]
[SourceQuality "1"]

1. d4 Nf6 2. c4 g6 3. Nc3 Bg7 4. Nf3 d6 5. g3 0-0 6. Bg2 c5 7. dxc5 dxc5 8. Qxd8 Rxd8 9. Ne5 Ne8 10. Nd3 Nd6 11. Bg5 Bxc3+ 12. bxc3 f6 13. Be3 Nxc4 14. Bxc5 Kf8 15. f4 Nc6 16. Rb1 Nb6 17. Nb4 Na5 18. Kf2 Na4 19. Bd4 Be6 20. Rbc1 Rd7 21. Bf3 Rc8 22. g4 Nc4 23. g5 fxg5 24. fxg5 Nd2 25. Bg2 Bf5 26. Nd3 Ne4+ 27. Bxe4 Bxe4 28. Rhf1 Ke8 29. Ke3 Bxd3 30. exd3 Rd5 31. h4 e5 32. Ke4 Rcd8 33. Bg1 Rxd3 34. c4 Rd2 35. Rce1 Nb2 36. h5 Nxc4 37. hxg6 hxg6 38. Rf6 R2d6 39. Rxd6 Rxd6 40. Bxa7 b6 41. Bb8 Rd7 42. Rc1 Rd4+ 43. Kf3 Kd7 44. Re1 Ke6 45. Kg3 Rd3+ 46. Kh4 Ne3 47. Rg1 Nf5+ 48. Kg4 Ra3 49. Bc7 b5 50. Bb6 Rxa2 51. Rb1 Ra4+ 52. Kh3 Ra3+ 53. Kg4 Rg3# 0-1

[Event "Tamil Nadu IM 10th"]
[Site "Chennai"]
[Date "2023.12.19"]
[Round "4"]
[White "Wagh, Suyog"]
[Black "Fedorov, Alexei"]
[Result "1-0"]
[WhiteElo "2210"]
[BlackElo "2454"]
[PlyCount "53"]
[EventDate "2023.12.17"]
[EventType "tourn"]
[EventRounds "9"]
[EventCountry "IND"]
[EventCategory "1"]
[SourceTitle "CB52_2023"]
[SourceDate "2023.12.27"]
[SourceVersion "1"]
[SourceVersionDate "2023.12.27"]
[SourceQuality "1"]

1. d4 Nf6 2. c4 g6 3. g3 Bg7 4. Bg2 0-0 5. Nc3 d6 6. Nf3 c6 7. e4 Bg4 8. h3 Bxf3 9. Bxf3 Nfd7 10. Be3 a6 11. Qd2 b5 12. cxb5 axb5 13. h4 Qa5 14. h5 b4 15. Ne2 b3 16. Nc3 Nb6 17. hxg6 hxg6 18. Be2 c5 19. dxc5 dxc5 20. Bh6 Bxc3 21. bxc3 Re8 22. Kf1 Nc6 23. Bf8 f5 24. Rh8+ Kf7 25. Rh7+ Ke6 26. exf5+ gxf5 27. Rh6+ 1-0

[Event "Tamil Nadu IM 9th"]
[Site "Chennai"]
[Date "2023.12.11"]
[Round "3"]
[White "Fedorov, Alexei"]
[Black "Karthik, Rajaa"]
[Result "1/2-1/2"]
[WhiteElo "2454"]
[BlackElo "2303"]
[PlyCount "87"]
[EventDate "2023.12.10"]
[EventType "tourn"]
[EventRounds "9"]
[EventCountry "IND"]
[EventCategory "2"]
[SourceTitle "CB51_2023"]
[SourceDate "2023.12.20"]
[SourceVersion "1"]
[SourceVersionDate "2023.12.20"]
[SourceQuality "1"]

1. e4 c6 2. d4 d5 3. e5 c5 4. dxc5 e6 5. a3 Bxc5 6. Nf3 Nd7 7. b4 Be7 8. c4 dxc4 9. Bxc4 Qc7 10. Bb5 a6 11. Bxd7+ Bxd7 12. 0-0 Rd8 13. Be3 Nh6 14. Qc1 Bc6 15. Nd4 Nf5 16. Nxf5 exf5 17. Re1 0-0 18. Nc3 Rc8 19. Bd4 Qd7 20. Qe3 Qe6 21. Bc5 Bxc5 22. bxc5 Rfe8 23. Rad1 Qb3 24. Rd3 Qc4 25. f4 g6 26. Red1 Kg7 27. Nd5 Bxd5 28. Rxd5 Re7 29. h3 Rcc7 30. g4 fxg4 31. f5 f6 32. exf6+ Kxf6 33. Rd6+ Kf7 34. Qh6 Qxc5+ 35. Kh1 Qxd6 36. Qxh7+ Ke8 37. Qh8+ Kd7 38. Rxd6+ Kxd6 39. Qd4+ Kc6 40. f6 Rh7 41. Qxg4 Kd5 42. Qxg6 Rxh3+ 43. Kg2 Rhh7 44. Qf5+ 1/2-1/2

[Event "Tamil Nadu IM 9th"]
[Site "Chennai"]
[Date "2023.12.10"]
[Round "1"]
[White "Akshit, Kumar J"]
[Black "Fedorov, Alexei"]
[Result "0-1"]
[WhiteElo "2229"]
[BlackElo "2454"]
[PlyCount "96"]
[EventDate "2023.12.10"]
[EventType "tourn"]
[EventRounds "9"]
[EventCountry "IND"]
[EventCategory "2"]
[SourceTitle "CB51_2023"]
[SourceDate "2023.12.20"]
[SourceVersion "1"]
[SourceVersionDate "2023.12.20"]
[SourceQuality "1"]

1. e4 c5 2. Nf3 Nc6 3. d4 cxd4 4. Nxd4 Qb6 5. Nb3 Nf6 6. Nc3 e6 7. Qe2 Qc7 8. g4 h6 9. h4 a6 10. Bh3 b5 11. Bd2 b4 12. Na4 Bb7 13. 0-0-0 Na5 14. Bg2 Rc8 15. Be3 Nxg4 16. Bb6 Qf4+ 17. Kb1 Nc4 18. Bc5 Nge5 19. Rd4 Bc6 20. Bxf8 Bb5 21. Bxg7 Rg8 22. Bxe5 Nxe5 23. Qd2 Qxd2 24. Rxd2 Rxg2 25. f4 Rxd2 26. Nxd2 Bxa4 27. b3 Bb5 28. fxe5 Rc5 29. Nf3 Be2 30. Rh3 Bd1 31. Ne1 Rxe5 32. Rd3 Bh5 33. Rd4 f5 34. Rxb4 fxe4 35. Kb2 e3 36. Kc3 Rf5 37. Re4 e2 38. Kd2 Ke7 39. Nd3 Kf6 40. c4 d5 41. Rf4 dxc4 42. bxc4 e5 43. Re4 Rf1 44. Re3 Rd1+ 45. Kc3 Bg6 46. Rxe2 Rxd3+ 47. Kb4 Rd4 48. Rf2+ Rf4 0-1

[Event "Tamil Nadu IM 9th"]
[Site "Chennai"]
[Date "2023.12.10"]
[Round "2"]
[White "Ziatdinov, Raset"]
[Black "Fedorov, Alexei"]
[Result "1-0"]
[WhiteElo "2106"]
[BlackElo "2454"]
[PlyCount "117"]
[EventDate "2023.12.10"]
[EventType "tourn"]
[EventRounds "9"]
[EventCountry "IND"]
[EventCategory "2"]
[SourceTitle "CB51_2023"]
[SourceDate "2023.12.20"]
[SourceVersion "1"]
[SourceVersionDate "2023.12.20"]
[SourceQuality "1"]

1. e4 c5 2. Nf3 Nc6 3. d4 cxd4 4. Nxd4 Qb6 5. Nb3 Nf6 6. Qe2 e5 7. Nc3 Bb4 8. Bd2 0-0 9. 0-0-0 a5 10. Be3 Qd8 11. Nd5 a4 12. Nd2 a3 13. b3 Nxd5 14. exd5 Nd4 15. Qc4 Bxd2+ 16. Rxd2 Nf5 17. Bc5 d6 18. Bb4 Bd7 19. Qe4 Qb6 20. Bd3 g6 21. c3 Ne7 22. Bc2 Bf5 23. Qe3 Qa6 24. Rhd1 Rfc8 25. Kb1 Bxc2+ 26. Rxc2 Nf5 27. Qd3 Qxd3 28. Rxd3 e4 29. Rd1 h5 30. Re2 Re8 31. Rde1 e3 32. fxe3 Re4 33. Kc2 Ne7 34. Rd1 Ra6 35. c4 g5 36. Bc3 Ng6 37. Kd3 Re8 38. Rf1 Ne5+ 39. Bxe5 Rxe5 40. Ref2 Ra8 41. Rxf7 Rae8 42. e4 Rxe4 43. Rf8+ Kg7 44. R1f7+ Kg6 45. Rf6+ Kg7 46. Rxe8 Rxe8 47. Rxd6 Re1 48. Re6 Rd1+ 49. Kc3 Rc1+ 50. Kd3 Rd1+ 51. Ke3 Ra1 52. Re7+ Kf6 53. Rxb7 Rxa2 54. c5 Rxg2 55. d6 a2 56. Ra7 Ke6 57. b4 Rxh2 58. d7 Ke7 59. c6 1-0

[Event "Tamil Nadu IM 8th"]
[Site "Chennai"]
[Date "2023.12.07"]
[Round "8"]
[White "Fedorov, Alexei"]
[Black "Md Imran"]
[Result "1/2-1/2"]
[WhiteElo "2454"]
[BlackElo "2174"]
[PlyCount "73"]
[EventDate "2023.12.03"]
[EventType "tourn"]
[EventRounds "9"]
[EventCountry "IND"]
[EventCategory "1"]
[SourceTitle "CB50_2023"]
[SourceDate "2023.12.13"]
[SourceVersion "1"]
[SourceVersionDate "2023.12.13"]
[SourceQuality "1"]

1. e4 c5 2. Nf3 Nc6 3. d4 cxd4 4. Nxd4 e5 5. Nb5 d6 6. c4 Nf6 7. N1c3 a6 8. Na3 Be7 9. Nc2 0-0 10. Be2 Be6 11. 0-0 Rc8 12. Be3 Na5 13. b3 b5 14. Nd5 Bxd5 15. exd5 bxc4 16. b4 Nb7 17. Na3 a5 18. Nxc4 axb4 19. Rb1 Nc5 20. Rxb4 Nfd7 21. a4 f5 22. a5 f4 23. Bxc5 Nxc5 24. Bg4 Rc7 25. Rb6 e4 26. Ne5 dxe5 27. d6 Bxd6 28. Qd5+ Kh8 29. Rxd6 Qa8 30. Rc1 Qxa5 31. h3 e3 32. Rd8 exf2+ 33. Kf1 Qa6+ 34. Be2 Qf6 35. Rxf8+ Qxf8 36. Qxe5 Qc8 37. Qxf4 1/2-1/2

[Event "Tamil Nadu IM 7th"]
[Site "Chennai"]
[Date "2023.11.28"]
[Round "4"]
[White "Abdyjapar, Asyl"]
[Black "Fedorov, Alexei"]
[Result "0-1"]
[WhiteElo "2326"]
[BlackElo "2447"]
[PlyCount "108"]
[EventDate "2023.11.26"]
[EventType "tourn"]
[EventRounds "9"]
[EventCountry "IND"]
[EventCategory "1"]
[SourceTitle "CB49_2023"]
[SourceDate "2023.12.06"]
[SourceVersion "1"]
[SourceVersionDate "2023.12.06"]
[SourceQuality "1"]

1. d4 Nf6 2. c4 d6 3. Nc3 e5 4. Nf3 Nbd7 5. Bg5 h6 6. Bh4 g5 7. Bg3 Nh5 8. e3 Bg7 9. Be2 0-0 10. dxe5 Nxg3 11. hxg3 g4 12. Nd4 Nxe5 13. Rh5 f5 14. Qc2 Qe8 15. Rh2 c6 16. 0-0-0 a6 17. Rdh1 b5 18. Rh5 Qg6 19. Bd3 bxc4 20. Bxf5 Nd3+ 21. Qxd3 Qxh5 22. Qd1 Qf7 23. Bxc8 Raxc8 24. Qxg4 Qxf2 25. Ne6 Qxe3+ 26. Kb1 Qe5 27. Nxf8 Rxf8 28. Qxc4+ d5 29. Qxc6 Rb8 30. Rc1 Kh8 31. Qxa6 d4 32. Nd1 Qf5+ 33. Ka1 d3 34. Qd6 Qb5 35. Qa3 Qg5 36. Qc5 Qd2 37. Rb1 Qxd1 38. Rxd1 Bxb2+ 39. Kb1 Ba3+ 40. Ka1 Bxc5 41. Rxd3 Kg7 42. a3 Kg6 43. Ka2 h5 44. Rd5 Bf2 45. a4 Bxg3 46. a5 Ra8 47. Rc5 Bd6 48. Rd5 Bc7 49. Kb3 Rxa5 50. Rxa5 Bxa5 51. Kc2 Kf5 52. Kd3 Kg4 53. Ke2 Bb6 54. Kf1 Kg3 0-1

[Event "Tamil Nadu IM 6th"]
[Site "Chennai"]
[Date "2023.11.22"]
[Round "6"]
[White "Chitlange, Sakshi"]
[Black "Fedorov, Alexei"]
[Result "0-1"]
[WhiteElo "2224"]
[BlackElo "2447"]
[PlyCount "48"]
[EventDate "2023.11.19"]
[EventType "tourn"]
[EventRounds "9"]
[EventCountry "IND"]
[EventCategory "1"]
[SourceTitle "CB48_2023"]
[SourceDate "2023.11.29"]
[SourceVersion "1"]
[SourceVersionDate "2023.11.29"]
[SourceQuality "1"]

1. d4 Nf6 2. c4 d6 3. Nf3 g6 4. g3 Bg7 5. Bg2 0-0 6. Nc3 Nbd7 7. 0-0 e5 8. e4 b6 9. Re1 exd4 10. Nxd4 Bb7 11. Bg5 h6 12. Bf4 Re8 13. Nd5 Nc5 14. f3 c6 15. Nb4 Qd7 16. Qd2 Kh7 17. Rad1 a5 18. Nbc2 d5 19. cxd5 cxd5 20. Bf1 dxe4 21. Bb5 Qh3 22. Bxe8 Rxe8 23. Bd6 exf3 24. Rxe8 Nce4 0-1

[Event "Minsk op"]
[Site "Minsk"]
[Date "2023.11.09"]
[Round "7"]
[White "Hryharovich, Aliaksei"]
[Black "Fedorov, Alexei"]
[Result "0-1"]
[WhiteElo "2250"]
[BlackElo "2447"]
[PlyCount "88"]
[EventDate "2023.11.03"]
[EventType "swiss"]
[EventRounds "9"]
[EventCountry "BLR"]
[SourceTitle "CB46_2023"]
[SourceDate "2023.11.15"]
[SourceVersion "1"]
[SourceVersionDate "2023.11.15"]
[SourceQuality "1"]

1. d4 Nf6 2. c4 g6 3. Nc3 Bg7 4. e4 d6 5. Nf3 0-0 6. Be2 Bg4 7. Be3 Nfd7 8. Ng1 Bxe2 9. Ngxe2 c5 10. 0-0 cxd4 11. Nxd4 Nc6 12. b3 Qa5 13. Rc1 Nc5 14. f3 Rfe8 15. Nxc6 bxc6 16. Qd2 Qb4 17. Bd4 Bxd4+ 18. Qxd4 a5 19. Rf2 a4 20. Nxa4 Nxa4 21. bxa4 Rxa4 22. e5 d5 23. Qd2 Qxd2 24. Rxd2 e6 25. cxd5 cxd5 26. Rb2 Rea8 27. Rcc2 h5 28. g3 g5 29. Kg2 Kg7 30. h3 Kg6 31. g4 h4 32. Re2 Ra3 33. Kf2 Kg7 34. Kg2 R8a7 35. Kf2 R7a4 36. Rbc2 Ra6 37. Rb2 Kg6 38. Rbc2 f6 39. Rb2 Rc3 40. exf6 Kxf6 41. Rb8 Rca3 42. Rf8+ Kg7 43. Re8 Kf7 44. Rh8 Rxa2 0-1